Bob's Burgers Hardest Trivia - Statistics

General Stats
  • This quiz has been taken 111 times
  • The average score is 3 of 15
Answer Stats
Question Answer % Correct
What state is the show located in New Jersey
82%
What Happens to Tammy when someone lifts her up She Farts
71%
Bob Hates what type of fries Sweet Potato Fries
51%
Mort and his Mother both wear what? Wigs
40%
What is the Town's name Seymours Bay
22%
What does Gene wake up to eat at 1am Cheese Plate
18%
Where did Chet go after leaving the basement Massachusetts
6%
What Episode in Family Guy does Bob appear in The Simpsons Guy
6%
What does Peter Griffin roast about Bobs Burgers Ratings
5%
Who Lives upstairs from Gayle Rebecca
5%
Before Season 10 Episode 20 what can't Bob and Louise do Poop in Public places
3%
At the End of what Episode in Family Guy do ALL Family Members appear in Trans-Fat
2%
When was Human Flesh Released 26th January 2011
1%
When does the Bob's Burgers Movie Release (Australia) 26th May
1%
What is the last episode aired (This will be updated a lot) Sauce Side Story
1%
No matching quizzes found
Score Distribution
Percent of People with Each Score
Percentile by Number Answered
Your Score History
You have not taken this quiz